000 01033nam a2200265Ia 4500
003 OSt
005 20220923211359.0
006 a|||||r|||| 00| 0
007 ta
008 220922b |||||||| |||| 00| 0 hin d
020 _a9788188741342
_c1500
024 _a258,674
037 _b233, 29/09/2011, Eastern Book Linkers
_cTextual
040 _aARTS
_cARTS
_bhin
041 _2hin
_ahin
082 _aO15v237, 152Q0
100 _aशास्त्री, शंकर लाल
_9160338
245 0 _aराजस्थान की संस्कृत सम्पदा
246 _aRājasthān kī sanskṛut sampadā
260 _aजयपुर
_b राष्ट्रीय संस्कृत साहित्य केन्द्र
_c2010
300 _a790पृ.
_ccm.
650 _aसंस्कृत साहित्य
942 _hO15v237, 152Q0
_cTEXL
_2CC
999 _c298929
_d298929